[Event "Bad Woerishofen op 26th"]
[Site "Bad Woerishofen"]
[Date "2010.03.10"]
[Round "5"]
[White "Lupor, Stefan"]
[Black "Reiter, Franz"]
[Result "1-0"]
[WhiteElo "2262"]
[BlackElo "2101"]
[PlyCount "43"]
[EventDate "2010.03.06"]
[EventType "swiss"]
[EventRounds "9"]
[EventCountry "GER"]
[SourceTitle "CBM 135 Extra"]
[Source "ChessBase"]
[SourceDate "2010.05.04"]
[SourceVersion "1"]
[SourceVersionDate "2010.05.04"]
[SourceQuality "1"]

1. d4 Nf6 2. c4 g6 3. Nc3 d6 4. e4 Bg7 5. f4 0-0 6. Nf3 Na6 7. Bd3 Bg4 8. 0-0 c5 9. d5 Nc7 10. h3 Bxf3 11. Qxf3 Nd7 12. Bd2 a6 13. a4 Rb8 14. g4 e6 15. Kg2 exd5 16. exd5 f5 17. gxf5 gxf5 18. Kh1 Qh4 19. Rg1 Rf6 20. Rg5 Rh6 21. Bxf5 Rf8 22. Bxd7 1-0

[Event "Latschach op 25th"]
[Site "Latschach"]
[Date "2009.08.09"]
[Round "2"]
[White "Reiter, Franz"]
[Black "Rodman, Franc"]
[Result "1/2-1/2"]
[WhiteElo "2063"]
[BlackElo "2194"]
[PlyCount "35"]
[EventDate "2009.08.08"]
[EventType "swiss"]
[EventRounds "9"]
[EventCountry "AUT"]
[SourceTitle "CBM 131 Extra"]
[Source "ChessBase"]
[SourceDate "2009.09.03"]
[SourceVersion "2"]
[SourceVersionDate "2009.09.16"]
[SourceQuality "1"]

1. e4 e5 2. f4 d5 3. exd5 c6 4. Qe2 cxd5 5. fxe5 Nc6 6. Nf3 Bg4 7. c3 Qd7 8. d4 0-0-0 9. Bf4 f6 10. Nbd2 fxe5 11. dxe5 d4 12. Qc4 dxc3 13. bxc3 Nge7 14. Nd4 Nd5 15. Nxc6 Qxc6 16. Qxc6+ bxc6 17. Ba6+ Kd7 18. Bg3 1/2-1/2

[Event "AUT-chT2W 0102"]
[Site "Austria"]
[Date "2002.03.08"]
[Round "9.6"]
[White "Laske, Erich"]
[Black "Reiter, Franz"]
[Result "1-0"]
[WhiteElo "2054"]
[BlackElo "2156"]
[PlyCount "61"]
[EventDate "2001.10.12"]
[EventType "team"]
[EventRounds "11"]
[EventCountry "AUT"]
[SourceTitle "EXT 2002"]
[Source "ChessBase"]
[SourceDate "2001.11.25"]
[SourceVersion "1"]
[SourceVersionDate "2001.11.25"]
[SourceQuality "1"]

1. c4 g6 2. Nc3 Bg7 3. e4 d6 4. d4 Nf6 5. Be2 c6 6. Bg5 Qa5 7. Qd2 Nbd7 8. f4 h6 9. Bh4 Nh7 10. Nf3 a6 11. a3 b5 12. 0-0 Qb6 13. Kh1 Bb7 14. b4 f6 15. Rac1 0-0 16. Bf2 Qd8 17. Qa2 Kh8 18. Nh4 Qe8 19. f5 Ng5 20. Nxg6+ Kh7 21. Bh5 Qd8 22. Nxf8+ Qxf8 23. h4 Nf7 24. cxb5 Nd8 25. bxc6 Bxc6 26. Nd5 Bb5 27. Nc7 Bxf1 28. Nxa8 Bd3 29. Bg6+ Kh8 30. Rc8 Bxe4 31. Nc7 1-0

[Event "Seefeld op 11th"]
[Site "Seefeld"]
[Date "2000.09.20"]
[Round "5"]
[White "Reiter, Franz"]
[Black "Schiffer, Steve"]
[Result "0-1"]
[WhiteElo "1875"]
[BlackElo "2111"]
[PlyCount "66"]
[EventDate "2000.09.16"]
[EventType "swiss"]
[EventRounds "9"]
[EventCountry "AUT"]
[SourceTitle "EXT 2001"]
[Source "ChessBase"]
[SourceDate "2000.11.22"]
[SourceVersion "1"]
[SourceVersionDate "2000.11.22"]
[SourceQuality "1"]

1. e4 g6 2. d4 Bg7 3. Be3 d6 4. Nc3 c6 5. Qd2 Qc7 6. Be2 Nd7 7. Nf3 Ngf6 8. h3 a6 9. a4 b6 10. Rd1 0-0 11. e5 Ne8 12. exd6 Nxd6 13. Bf4 Bb7 14. 0-0 Nf6 15. Qe3 Qd8 16. Bd3 Re8 17. Rfe1 b5 18. b4 a5 19. axb5 axb4 20. bxc6 Bxc6 21. Ne2 Nd5 22. Qd2 Nxf4 23. Qxf4 Bb5 24. Bxb5 Nxb5 25. Ne5 Qd5 26. Rb1 Na3 27. Rxb4 Bxe5 28. dxe5 Nxc2 29. Nc3 Qe6 30. Ree4 Nxb4 31. Rxb4 Ra5 32. Nb5 Rb8 33. Nc7 Rxb4 0-1

[Event "Wattens op 15th"]
[Site "Wattens"]
[Date "2000.08.30"]
[Round "5"]
[White "Fuerlinger, Harald"]
[Black "Reiter, Franz"]
[Result "1/2-1/2"]
[WhiteElo "2143"]
[BlackElo "1875"]
[PlyCount "28"]
[EventDate "2000.08.26"]
[EventType "swiss"]
[EventRounds "9"]
[EventCountry "AUT"]
[SourceTitle "EXT 2001"]
[Source "ChessBase"]
[SourceDate "2000.11.22"]
[SourceVersion "1"]
[SourceVersionDate "2000.11.22"]
[SourceQuality "1"]

1. Nf3 Nf6 2. c4 b6 3. g3 Bb7 4. Bg2 e6 5. 0-0 c5 6. Nc3 Be7 7. d3 d5 8. cxd5 Nxd5 9. Nxd5 Bxd5 10. Bf4 0-0 11. Qa4 Bc6 12. Qc2 Bf6 13. Rfd1 Na6 14. Ne1 Nb4 1/2-1/2

[Event "Wattens op 15th"]
[Site "Wattens"]
[Date "2000.08.29"]
[Round "4"]
[White "Reiter, Franz"]
[Black "Sachsenhofer, Michael"]
[Result "1-0"]
[WhiteElo "1875"]
[BlackElo "1643"]
[PlyCount "59"]
[EventDate "2000.08.26"]
[EventType "swiss"]
[EventRounds "9"]
[EventCountry "AUT"]
[SourceTitle "EXT 2001"]
[Source "ChessBase"]
[SourceDate "2000.11.22"]
[SourceVersion "1"]
[SourceVersionDate "2000.11.22"]
[SourceQuality "1"]

1. e4 e5 2. f4 exf4 3. Nf3 Nc6 4. Bc4 d6 5. d4 Bg4 6. 0-0 Nf6 7. Nc3 g5 8. Qd3 Bxf3 9. Rxf3 h6 10. a3 a6 11. b4 Bg7 12. Bb2 0-0 13. Re1 Qd7 14. Nd5 Rae8 15. Nxf6+ Bxf6 16. g3 b5 17. Bb3 Ne7 18. Kh1 g4 19. Rxf4 Bg5 20. Rf2 c6 21. Bc1 Bxc1 22. Rxc1 d5 23. e5 Ng6 24. Rcf1 Kg7 25. c3 Qe6 26. Bc2 Rd8 27. Rf6 Qe8 28. Qf5 a5 29. Qxg4 axb4 30. Bxg6 1-0

[Event "AUT-chT2W 9900"]
[Site "Austria"]
[Date "1999.11.19"]
[Round "4"]
[White "Forster, Reinhard"]
[Black "Reiter, Franz"]
[Result "1-0"]
[WhiteElo "1993"]
[BlackElo "1862"]
[PlyCount "67"]
[EventDate "1999.10.15"]
[EventType "team"]
[EventRounds "11"]
[EventCountry "AUT"]
[SourceTitle "EXT 2000"]
[Source "ChessBase"]
[SourceDate "1999.11.16"]
[SourceVersion "1"]
[SourceVersionDate "1999.11.16"]
[SourceQuality "1"]

1. e4 c5 2. Nf3 Nc6 3. Bb5 g6 4. 0-0 Bg7 5. c3 Nf6 6. Re1 0-0 7. d4 cxd4 8. cxd4 d6 9. Nc3 Bg4 10. Be3 a6 11. Be2 Rc8 12. Rc1 b5 13. h3 Bxf3 14. Bxf3 e5 15. d5 Ne7 16. Qd2 Ne8 17. Be2 Qd7 18. a4 b4 19. Na2 Rxc1 20. Rxc1 Qxa4 21. Qxb4 Qd7 22. Bxa6 f5 23. f3 fxe4 24. fxe4 Nf6 25. Nc3 Nh5 26. Ne2 Nf4 27. Rf1 Bh6 28. Nxf4 exf4 29. Bd4 f3 30. Qc3 fxg2 31. Kxg2 g5 32. Kh2 Ng6 33. Bc8 Qe7 34. Be6+ 1-0